000 00301nam a22001217a 4500
020 _a0735712018
082 _222
_a005.72
100 _aZeldman, Jeffrey.
245 _aDesigning with web standards /
260 _aUSA,
_bNew Riders,
_cc2003.
300 _axviii, 436p. ;
_bill. ;
_c23 cm.
942 _2ddc
_cIT
999 _c1888
_d1888